| 000 | 00442nam a2200181Ia 4500 | ||
|---|---|---|---|
| 001 | 23588 | ||
| 005 | 20260414150947.0 | ||
| 008 | 260414t9999||||xx |||||||||||||| ||spa|| | ||
| 041 | _aESP | ||
| 082 |
_a670.42 _bD98 T. 2 |
||
| 100 |
_aDurán Ramirez, Felipe _eAUT |
||
| 245 | 0 |
_aConsultor del ingeniero industrial _b |
|
| 260 | _c0 | ||
| 300 |
_apáginas 619-1091 _c27 cm. |
||
| 650 | _aTCA | ||
| 654 | _aCII | ||
| 942 |
_cLIB _dJUS _fJUS _2ddc _n |
||
| 999 |
_c23588 _d23588 |
||